• 首页
  • 本馆介绍
  • 公告通知
  • 最新文献
  • 馆藏检索
  • 电子资源
  • 读者导购
  • 参考咨询
  • 我的图书馆
  • 登录
  • 详细信息显示
  • 放入我的书架
  • 预约/预借图书
  • 作者相关作品
  • 分类相关作品
  • 丛书相关作品
  • 出版社相关作品

书目信息

  • 表格格式
  • 工作单格式
  • 卡片格式
题名:
广播剧选
    
 
作者: 朱宝贺 , 宋家玲 编
分册:  
出版信息: 北京   中国戏剧出版社  1981
页数: 465页
开本: 19cm
丛书名:
单 册:
中图分类: I235.37 , I235
科图分类:
主题词: 广播剧本--中国--现代--选集
电子资源:
ISBN:
000 00647nam0 2200241 450
001 1555420921
005 20150123152401.14
010    @dCNY1.20
091    @a8069.140
100    @a19950120d1981 em y0chiy0110 ea
101 0  @achi
102    @aCN@b110000
105    @af z 000by
200 1  @a广播剧选@9guang bo ju xuan@f朱宝贺,宋家玲编
210    @a北京@c中国戏剧出版社@d1981
215    @a465页@c剧照@d19cm
606 0  @a广播剧本@y中国@z现代@x选集
690    @aI235.37@v5
690    @aI235@v4
701  0 @a朱宝贺@9zhu bao he@f(1937~)@4编
701  0 @a宋家玲@9song jia ling@4编
801  0 @aCN@bTSSF@c20150123
905    @aZUCC@dI235@eJY13
    
    广播剧选/朱宝贺,宋家玲编.-北京:中国戏剧出版社,1981
    465页:剧照;19cm
    
    
    ISBN :CNY1.20
    
●
相关链接 在E读中查询图书 在五车中查询图书 在当当中查询图书 在豆瓣中查询图书


正题名:广播剧选     索取号:I235/JY13         预约/预借

序号 登录号 条形码 馆藏地/架位号 状态 备注
1 7839812   278398128   学院路分馆/ [索取号:I235/JY13] 在馆    
唐山师范学院图书馆 欢迎您!
大连网信软件有限公司© 版权所有